All UEFA Champions League Final Venues - Statistics

General Stats
  • This quiz has been taken 76 times
  • The average score is 32 of 61
Answer Stats
Year City % Correct
1959 Madrid
92%
1971 London
89%
1975 Milan
88%
1957 Paris
88%
1970 Wembley Stadium
88%
1985 Munich
86%
1983 Rome
84%
2010 Berlin
83%
1977 Lisbon
83%
2009 Lisbon
83%
1991 Barcelona
81%
2003 Istanbul
81%
1967 Bern
75%
1990 Camp Nou
73%
1999 Manchester
72%
2005 Moscow
72%
1974 San Siro
72%
2014 Kyiv
70%
2017 Porto
70%
1958 Santiago Bernabéu
69%
1987 Athens
67%
2006 Allianz Arena
64%
1969 Amsterdam
64%
1995 Amsterdam Arena
64%
1961 Brussels
64%
1965 Glasgow
64%
2012 Cardiff
61%
1998 Old Trafford
61%
1973 Vienna
59%
1986 Olympic Stadium
58%
1996 Stade de France
58%
1997 Saint-Denis
53%
1989 Seville
50%
1982 Stadio Olimpico
50%
2015 Metropolitano Stadium
48%
1984 Olympiastadion
48%
2008 Estadio da Luz
45%
2016 Estadio do Dragão
44%
1956 Parc des Princes
44%
1979 Rotterdam
44%
1964 Hampden Park
39%
2011 Millennium Stadium
39%
1981 Belgrade
38%
2004 Luzhniki Stadium
34%
1963 Stuttgart
33%
2001 Gelsenkirchen
31%
1993 Bari
27%
1978 De Kuip
25%
1994 Ernst-Happel-Stadion
23%
1988 Ramón Sánchez Pizjuán
23%
1960 Heysel Stadium
22%
1980 Red Star Stadium
17%
1992 Stadio San Nicola
17%
2000 Arena AufSchalke
14%
2002 Atatürk Olympic Stadium
14%
2013 NSC Olimpiyskiy Stadium
14%
1966 Wankdorf Stadium
14%
1972 Praterstadion
13%
1962 Neckarstadion
11%
1976 Estadio Nacional
8%
1968 Olympisch Stadium
8%
No matching quizzes found
Score Distribution
Percent of People with Each Score
Percentile by Number Answered
Your Score History
You have not taken this quiz